000 00537nam a22002177a 4500
003 UA-OsUOA
001 122238
007 ta
008 20170421b un ||||| |||| 00| 0 ukr d
100 _aСобко І.
090 _a908
_bС54
942 _cSA
040 _aUA-OsUOA
_bukr
_cUA-OsUOA
_dUA-OsUOA
245 _a"Острог - Ренесанс" у розпалі підготовки
300 _aС.5
955 _a0
041 _aukr
080 _a908
773 0 _w122237
650 7 _a908 Краєзнавство
_2UDC
999 _c408608
_d408608